000
00298nam a22001337a 4500
003
SGT
082
_a
954.03
_b
S18P
100
_a
PANDEY, SHYAMACHARAN
245
_a
SUBHASH CHANDRA BOSS
260
_a
INDIA
_b
VAIBHAV LAKSHAMI
_c
2018
300
_a
226
650
_a
FREEDOM FIGHTERS
942
_2
ddc
_c
BK
999
_c
26145
_d
26145